Neefektívna komunikácia - počiatok konca každej firmy

Obsahové vymedzenie komunikácie. Nedostatky súčasnej firemnej komunikácie. Odporúčané ciele firemnej komunikácie. Filozofia zefektívnenia firemnej komunikácie. Metodické odporúčania pre externú komunikáciu.

Saved in:
Bibliographic Details
Main Author: Jedlička, Milan
Format: Book Chapter
Language:Slovak
Subjects:
Tags: Add Tag
No Tags, Be the first to tag this record!

MARC

LEADER 00000naa a2200000 4500
001 r047882
005 20231004100507.3
041 0 |a slo 
044 |a CZ 
245 1 0 |a Neefektívna komunikácia - počiatok konca každej firmy  |c Milan Jedlička 
520 |a Obsahové vymedzenie komunikácie. Nedostatky súčasnej firemnej komunikácie. Odporúčané ciele firemnej komunikácie. Filozofia zefektívnenia firemnej komunikácie. Metodické odporúčania pre externú komunikáciu. 
610 2 0 |a komunikácia firemná 
610 2 0 |a komunikácia manažérska 
610 2 0 |a komunikácia marketingová 
610 2 0 |a efektívnosť 
610 2 0 |a manažment 
610 2 0 |a propagácia 
610 2 0 |a firmy 
100 1 |a Jedlička, Milan